000 00492nam a22001697a 4500
005 20251108164935.0
008 250721s1999 xx 000 0 ara d
082 1 4 _a618.92/كيا
100 1 _aكيالي، ظافر
245 1 0 _aأجب سؤالي عن أطفالي /
264 1 _aبيروت :
_bالمؤسسة العربية للدراسات،
_c1999.
300 _a346ص
650 1 7 _aطب الأطفال
650 1 7 _aأمراض الأطفال
942 _2ddc
_cBK
999 _c17969
_d17969